[Event "XLIV Memoriał Szachowy Ludwika Zamenhofa 2025, Grupa B"]
[Site "Bialystok, Poland"]
[Date "2025.12.31"]
[Round "9.18"]
[White "Skiba, Igor"]
[Black "Widelski, Kacper"]
[Result "1/2-1/2"]
[TimeControl "90'+30\""]
[WhiteElo "1762"]
[BlackElo "1874"]

1. e4 {[%clk 01:26:47]} {[%emt 00:04:11]} c5 {[%clk 01:30:40]} {[%emt
00:00:22]} 2. Nf3 {[%clk 01:27:05]} {[%emt 00:00:12]} Nc6 {[%clk 01:31:05]}
{[%emt 00:00:05]} 3. d4 {[%clk 01:27:32]} {[%emt 00:00:04]} cxd4 {[%clk
01:31:28]} {[%emt 00:00:05]} 4. Nxd4 {[%clk 01:28:00]} {[%emt 00:00:03]} Nf6
{[%clk 01:31:13]} {[%emt 00:00:45]} 5. Nc3 {[%clk 01:28:26]} {[%emt 00:00:05]}
e5 {[%clk 01:31:36]} {[%emt 00:00:07]} 6. Ndb5 {[%clk 01:28:52]} {[%emt
00:00:03]} d6 {[%clk 01:32:01]} {[%emt 00:00:05]} 7. Bg5 {[%clk 01:29:13]}
{[%emt 00:00:09]} a6 {[%clk 01:32:24]} {[%emt 00:00:07]} 8. Na3 {[%clk
01:29:42]} {[%emt 00:00:01]} b5 {[%clk 01:32:47]} {[%emt 00:00:06]} 9. Nd5
{[%clk 01:30:08]} {[%emt 00:00:05]} Be7 {[%clk 01:33:12]} {[%emt 00:00:05]} 10.
Bxf6 {[%clk 01:30:34]} {[%emt 00:00:04]} Bxf6 {[%clk 01:33:36]} {[%emt
00:00:05]} 11. c3 {[%clk 01:31:02]} {[%emt 00:00:03]} O-O {[%clk 01:33:57]}
{[%emt 00:00:08]} 12. Nc2 {[%clk 01:31:29]} {[%emt 00:00:04]} Rb8 {[%clk
01:34:21]} {[%emt 00:00:05]} 13. h4 {[%clk 01:31:39]} {[%emt 00:00:21]} g6
{[%clk 01:34:10]} {[%emt 00:00:41]} 14. h5 {[%clk 01:31:51]} {[%emt 00:00:19]}
Bg7 {[%clk 01:31:23]} {[%emt 00:03:16]} 15. Be2 {[%clk 01:27:56]} {[%emt
00:04:25]} Ne7 {[%clk 01:26:15]} {[%emt 00:05:38]} 16. Nce3 {[%clk 01:25:37]}
{[%emt 00:02:49]} Nxd5 {[%clk 01:23:38]} {[%emt 00:03:07]} 17. Nxd5 {[%clk
01:26:02]} {[%emt 00:00:02]} a5 {[%clk 01:18:44]} {[%emt 00:05:27]} 18. Qd3
{[%clk 01:19:40]} {[%emt 00:06:51]} Qg5 {[%clk 01:07:48]} {[%emt 00:11:27]} 19.
Qe3 {[%clk 01:15:22]} {[%emt 00:04:48]} Qxe3 {[%clk 01:02:48]} {[%emt
00:05:30]} 20. Nxe3 {[%clk 01:14:29]} {[%emt 00:01:24]} f5 {[%clk 00:58:45]}
{[%emt 00:04:32]} 21. hxg6 {[%clk 01:07:37]} {[%emt 00:07:21]} hxg6 {[%clk
00:58:30]} {[%emt 00:00:46]} 22. exf5 {[%clk 01:07:46]} {[%emt 00:00:21]} gxf5
{[%clk 00:57:34]} {[%emt 00:01:26]} 23. O-O-O {[%clk 01:06:43]} {[%emt
00:01:33]} Rd8 {[%clk 00:54:55]} {[%emt 00:03:09]} 24. Rh5 {[%clk 01:00:57]}
{[%emt 00:06:16]} f4 {[%clk 00:51:07]} {[%emt 00:04:18]} 25. Nf5 {[%clk
00:58:26]} {[%emt 00:03:02]} Bxf5 {[%clk 00:47:59]} {[%emt 00:03:37]} 26. Rxf5
{[%clk 00:58:18]} {[%emt 00:00:38]} d5 {[%clk 00:47:02]} {[%emt 00:01:27]} 27.
Bh5 {[%clk 00:54:35]} {[%emt 00:04:12]} Rb7 {[%clk 00:43:32]} {[%emt 00:04:00]}
28. Bg4 {[%clk 00:43:40]} {[%emt 00:11:25]} Rc7 {[%clk 00:36:28]} {[%emt
00:07:35]} 29. Kb1 {[%clk 00:42:18]} {[%emt 00:01:51]} b4 {[%clk 00:33:51]}
{[%emt 00:03:07]} 30. cxb4 {[%clk 00:39:18]} {[%emt 00:03:31]} axb4 {[%clk
00:33:38]} {[%emt 00:00:43]} 31. Rg5 {[%clk 00:38:00]} {[%emt 00:01:48]} Kf7
{[%clk 00:28:36]} {[%emt 00:05:31]} 32. Bh5+ {[%clk 00:34:18]} {[%emt
00:04:12]} Kg8 {[%clk 00:25:59]} {[%emt 00:03:08]} 33. Bg4 {[%clk 00:30:29]}
{[%emt 00:04:19]} Kf7 {[%clk 00:26:00]} {[%emt 00:00:29]} 34. Bh5+ {[%clk
00:30:40]} {[%emt 00:00:18]} Kf8 {[%clk 00:22:52]} {[%emt 00:03:39]} 35. Rf5+
{[%clk 00:30:39]} {[%emt 00:00:31]} Kg8 {[%clk 00:20:58]} {[%emt 00:02:24]}
1/2-1/2

[Event "XLIV Memoriał Szachowy Ludwika Zamenhofa 2025, Grupa B"]
[Site "Bialystok, Poland"]
[Date "2025.12.31"]
[Round "9.19"]
[White "Kaminska, Zuzanna"]
[Black "Wnorowski, Lukasz"]
[Result "1-0"]
[TimeControl "90'+30\""]
[WhiteElo "1873"]
[BlackElo "1616"]

1. e4 {[%clk 01:30:52]} {[%emt 00:00:06]} c5 {[%clk 01:30:56]} {[%emt
00:00:05]} 2. Nf3 {[%clk 01:31:14]} {[%emt 00:00:08]} d6 {[%clk 01:31:22]}
{[%emt 00:00:05]} 3. d4 {[%clk 01:31:36]} {[%emt 00:00:07]} cxd4 {[%clk
01:31:47]} {[%emt 00:00:05]} 4. Qxd4 {[%clk 01:31:58]} {[%emt 00:00:07]} Nc6
{[%clk 01:32:08]} {[%emt 00:00:10]} 5. Bb5 {[%clk 01:32:18]} {[%emt 00:00:10]}
Qa5+ {[%clk 01:32:32]} {[%emt 00:00:06]} 6. Nc3 {[%clk 01:31:17]} {[%emt
00:01:31]} Qxb5 {[%clk 01:32:56]} {[%emt 00:00:05]} 7. Nxb5 {[%clk 01:31:22]}
{[%emt 00:00:25]} Nxd4 {[%clk 01:33:22]} {[%emt 00:00:04]} 8. Nfxd4 {[%clk
01:30:35]} {[%emt 00:01:17]} Kd8 {[%clk 01:33:47]} {[%emt 00:00:05]} 9. Be3
{[%clk 01:25:59]} {[%emt 00:05:05]} Nf6 {[%clk 01:33:48]} {[%emt 00:00:30]} 10.
f3 {[%clk 01:24:58]} {[%emt 00:01:32]} Bd7 {[%clk 01:34:00]} {[%emt 00:00:18]}
11. Nc3 {[%clk 01:19:28]} {[%emt 00:06:00]} a6 {[%clk 01:31:48]} {[%emt
00:02:42]} 12. O-O-O {[%clk 01:18:04]} {[%emt 00:01:54]} b5 {[%clk 01:30:01]}
{[%emt 00:02:17]} 13. g4 {[%clk 01:14:41]} {[%emt 00:03:52]} b4 {[%clk
01:25:00]} {[%emt 00:05:31]} 14. Nce2 {[%clk 01:13:57]} {[%emt 00:01:14]} e5
{[%clk 01:23:39]} {[%emt 00:01:51]} 15. Nb3 {[%clk 01:11:23]} {[%emt 00:03:05]}
Rc8 {[%clk 01:12:47]} {[%emt 00:11:22]} 16. Bb6+ {[%clk 01:06:36]} {[%emt
00:05:16]} Ke8 {[%clk 01:11:37]} {[%emt 00:01:41]} 17. Ba5 {[%clk 01:04:04]}
{[%emt 00:03:02]} Bc6 {[%clk 01:06:47]} {[%emt 00:05:20]} 18. Ng3 {[%clk
01:00:54]} {[%emt 00:03:39]} d5 {[%clk 00:54:54]} {[%emt 00:12:24]} 19. g5
{[%clk 00:58:09]} {[%emt 00:03:16]} Nd7 {[%clk 00:54:56]} {[%emt 00:00:26]} 20.
exd5 {[%clk 00:58:03]} {[%emt 00:00:37]} Ba4 {[%clk 00:54:59]} {[%emt
00:00:27]} 21. d6 {[%clk 00:55:33]} {[%emt 00:03:00]} Rc4 {[%clk 00:51:02]}
{[%emt 00:04:25]} 22. Rhe1 {[%clk 00:50:00]} {[%emt 00:06:05]} Bxb3 {[%clk
00:46:32]} {[%emt 00:05:00]} 23. axb3 {[%clk 00:49:40]} {[%emt 00:00:50]} Rf4
{[%clk 00:45:57]} {[%emt 00:01:03]} 24. Rd3 {[%clk 00:46:19]} {[%emt 00:03:52]}
f6 {[%clk 00:44:03]} {[%emt 00:02:25]} 25. Ne4 {[%clk 00:41:10]} {[%emt
00:05:38]} f5 {[%clk 00:40:31]} {[%emt 00:04:03]} 26. Nc5 {[%clk 00:37:35]}
{[%emt 00:04:04]} e4 {[%clk 00:36:34]} {[%emt 00:04:27]} 27. Bxb4 {[%clk
00:33:53]} {[%emt 00:04:12]} Nxc5 {[%clk 00:36:18]} {[%emt 00:00:46]} 28. Bxc5
{[%clk 00:33:42]} {[%emt 00:00:41]} Kd7 {[%clk 00:36:06]} {[%emt 00:00:41]} 29.
fxe4 {[%clk 00:33:07]} {[%emt 00:01:07]} fxe4 {[%clk 00:34:44]} {[%emt
00:01:51]} 30. Rd4 {[%clk 00:31:16]} {[%emt 00:02:20]} Rf5 {[%clk 00:33:30]}
{[%emt 00:01:45]} 31. b4 {[%clk 00:30:19]} {[%emt 00:01:28]} Rxg5 {[%clk
00:33:11]} {[%emt 00:00:48]} 32. Rdxe4 {[%clk 00:30:07]} {[%emt 00:00:43]} g6
{[%clk 00:32:12]} {[%emt 00:01:29]} 33. c4 {[%clk 00:25:05]} {[%emt 00:05:32]}
a5 {[%clk 00:30:30]} {[%emt 00:02:12]} 34. Kb1 {[%clk 00:23:47]} {[%emt
00:01:47]} axb4 {[%clk 00:28:50]} {[%emt 00:02:11]} 35. Bxb4 {[%clk 00:24:07]}
{[%emt 00:00:10]} Kc6 {[%clk 00:28:30]} {[%emt 00:00:49]} 36. Bc3 {[%clk
00:22:22]} {[%emt 00:02:15]} Rg8 {[%clk 00:28:25]} {[%emt 00:00:35]} 37. Re8
{[%clk 00:22:20]} {[%emt 00:00:33]} Rc5 {[%clk 00:28:36]} {[%emt 00:00:19]} 38.
Rc8+ {[%clk 00:17:40]} {[%emt 00:05:09]} Kd5 {[%emt 00:00:21]} 1-0

[Event "XLIV Memoriał Szachowy Ludwika Zamenhofa 2025, Grupa B"]
[Site "Bialystok, Poland"]
[Date "2025.12.31"]
[Round "9.20"]
[White "Krajdocha, Konrad"]
[Black "Slabicki, Andrzej"]
[Result "1-0"]
[TimeControl "90'+30\""]
[WhiteElo "1736"]
[BlackElo "1892"]

1. d4 {[%clk 01:30:58]} Nc6 {[%emt 00:01:03]} 2. e4 {[%clk 01:30:31]} e6 {[%clk
01:30:52]} {[%emt 00:00:32]} 3. Nf3 {[%clk 01:30:41]} {[%emt 00:00:21]} d5
{[%clk 01:31:02]} {[%emt 00:00:21]} 4. e5 {[%clk 01:31:03]} {[%emt 00:00:08]}
Bd7 {[%clk 01:30:49]} {[%emt 00:00:42]} 5. Bd2 {[%clk 01:30:46]} {[%emt
00:00:47]} Qe7 {[%clk 01:30:44]} {[%emt 00:00:36]} 6. c4 {[%clk 01:27:53]}
{[%emt 00:03:21]} O-O-O {[%clk 01:29:53]} {[%emt 00:01:23]} 7. c5 {[%clk
01:27:18]} {[%emt 00:01:05]} f6 {[%clk 01:28:01]} {[%emt 00:02:21]} 8. b4
{[%clk 01:27:03]} {[%emt 00:00:46]} fxe5 {[%clk 01:27:27]} {[%emt 00:01:04]} 9.
dxe5 {[%clk 01:26:36]} {[%emt 00:00:56]} h6 {[%clk 01:27:49]} {[%emt 00:00:08]}
10. h4 {[%clk 01:22:28]} {[%emt 00:04:38]} g6 {[%clk 01:23:32]} {[%emt
00:04:48]} 11. Qa4 {[%clk 01:18:44]} {[%emt 00:04:13]} Bg7 {[%clk 01:16:50]}
{[%emt 00:07:12]} 12. b5 {[%clk 01:17:24]} {[%emt 00:01:50]} Nb8 {[%clk
01:11:06]} {[%emt 00:06:13]} 13. Qxa7 {[%clk 01:15:42]} {[%emt 00:02:12]} Be8
{[%clk 01:04:20]} {[%emt 00:07:17]} 14. Nc3 {[%clk 01:14:38]} {[%emt 00:01:34]}
d4 {[%clk 01:02:58]} {[%emt 00:01:52]} 15. Ne4 {[%clk 01:13:56]} {[%emt
00:01:10]} d3 {[%clk 00:54:48]} {[%emt 00:08:42]} 16. c6 {[%clk 01:14:14]}
{[%emt 00:00:12]} bxc6 {[%clk 00:54:43]} {[%emt 00:00:35]} 17. Nc5 {[%clk
01:14:36]} {[%emt 00:00:07]} 1-0

[Event "XLIV Memoriał Szachowy Ludwika Zamenhofa 2025, Grupa B"]
[Site "Bialystok, Poland"]
[Date "2025.12.31"]
[Round "9.21"]
[White "Maciejewski, Kamil"]
[Black "Filimoniuk, Marcin"]
[Result "1-0"]
[TimeControl "90'+30\""]
[WhiteElo "2036"]
[BlackElo "1854"]

1. g3 {[%clk 01:28:46]} {[%emt 00:02:04]} e5 {[%clk 01:29:43]} {[%emt
00:01:27]} 2. c4 {[%clk 01:28:51]} {[%emt 00:00:25]} Nf6 {[%clk 01:29:32]}
{[%emt 00:00:41]} 3. Bg2 {[%clk 01:29:06]} {[%emt 00:00:14]} Be7 {[%clk
01:29:05]} {[%emt 00:00:56]} 4. Nc3 {[%clk 01:26:25]} {[%emt 00:03:12]} O-O
{[%clk 01:29:09]} {[%emt 00:00:26]} 5. d3 {[%clk 01:16:59]} {[%emt 00:09:56]}
Nc6 {[%clk 01:23:34]} {[%emt 00:06:04]} 6. a3 {[%clk 01:08:32]} {[%emt
00:08:57]} d6 {[%clk 01:21:25]} {[%emt 00:02:38]} 7. b4 {[%clk 01:00:44]}
{[%emt 00:08:19]} Rb8 {[%clk 01:16:48]} {[%emt 00:05:08]} 8. Bb2 {[%clk
00:50:24]} {[%emt 00:10:49]} Bd7 {[%clk 01:14:21]} {[%emt 00:02:57]} 9. Nf3
{[%clk 00:45:24]} {[%emt 00:05:31]} Qc8 {[%clk 01:13:32]} {[%emt 00:01:19]} 10.
b5 {[%clk 00:42:52]} {[%emt 00:03:02]} Nd8 {[%clk 01:10:44]} {[%emt 00:03:18]}
11. O-O {[%clk 00:41:45]} {[%emt 00:01:36]} Ne6 {[%clk 01:07:29]} {[%emt
00:03:45]} 12. d4 {[%clk 00:37:06]} {[%emt 00:05:10]} exd4 {[%clk 00:59:10]}
{[%emt 00:08:49]} 13. Nxd4 {[%clk 00:37:26]} {[%emt 00:00:10]} Re8 {[%clk
00:52:05]} {[%emt 00:07:34]} 14. Nf5 {[%clk 00:32:51]} {[%emt 00:05:04]} Bf8
{[%clk 00:49:54]} {[%emt 00:02:41]} 15. Ne3 {[%clk 00:23:18]} {[%emt 00:10:04]}
Nc5 {[%clk 00:48:48]} {[%emt 00:01:35]} 16. Na4 {[%clk 00:19:40]} {[%emt
00:04:09]} Ng4 {[%clk 00:46:39]} {[%emt 00:02:39]} 17. Bd4 {[%clk 00:12:27]}
{[%emt 00:07:43]} Nxe3 {[%clk 00:40:54]} {[%emt 00:06:15]} 18. Bxe3 {[%clk
00:12:30]} {[%emt 00:00:27]} Nxa4 {[%clk 00:36:39]} {[%emt 00:04:45]} 19. Qxa4
{[%clk 00:12:58]} {[%emt 00:00:02]} a6 {[%clk 00:35:52]} {[%emt 00:01:17]} 20.
Qb3 {[%clk 00:12:15]} {[%emt 00:01:12]} axb5 {[%clk 00:35:37]} {[%emt
00:00:45]} 21. cxb5 {[%clk 00:12:39]} {[%emt 00:00:06]} Be6 {[%clk 00:34:09]}
{[%emt 00:01:58]} 22. Qd3 {[%clk 00:11:12]} {[%emt 00:01:57]} c6 {[%clk
00:32:23]} {[%emt 00:02:15]} 23. Rfc1 {[%clk 00:06:57]} {[%emt 00:04:46]} c5
{[%clk 00:31:09]} {[%emt 00:01:44]} 24. a4 {[%clk 00:06:37]} {[%emt 00:00:50]}
Rd8 {[%clk 00:29:44]} {[%emt 00:01:55]} 25. a5 {[%clk 00:04:27]} {[%emt
00:02:41]} b6 {[%clk 00:24:11]} {[%emt 00:06:04]} 26. axb6 {[%clk 00:01:42]}
{[%emt 00:03:14]} Rxb6 {[%clk 00:23:46]} {[%emt 00:00:54]} 27. Bc6 {[%clk
00:00:33]} {[%emt 00:01:39]} Bf5 {[%clk 00:18:32]} {[%emt 00:05:44]} 28. Qc4
{[%clk 00:00:33]} {[%emt 00:00:30]} Rxc6 {[%clk 00:13:30]} {[%emt 00:05:32]} 29.
bxc6 {[%clk 00:00:59]} {[%emt 00:00:05]} Qxc6 {[%clk 00:13:41]} {[%emt
00:00:19]} 30. Ra6 {[%clk 00:00:32]} {[%emt 00:00:57]} Qb7 {[%clk 00:12:42]}
{[%emt 00:01:28]} 31. Rca1 {[%clk 00:00:51]} {[%emt 00:00:12]} Bh3 {[%clk
00:11:11]} {[%emt 00:02:01]} 32. f3 {[%clk 00:01:13]} {[%emt 00:00:08]} Qe7
{[%clk 00:10:33]} {[%emt 00:01:08]} 33. Kf2 {[%clk 00:00:34]} {[%emt 00:01:09]}
Re8 {[%emt 00:01:42]} 34. R1a3 {[%clk 00:00:46]} Be6 {[%clk 00:09:03]} {[%emt
00:01:05]} 35. Qf4 {[%clk 00:00:33]} {[%emt 00:00:43]} Qb7 {[%clk 00:07:58]}
{[%emt 00:01:35]} 36. Ra7 {[%clk 00:00:39]} {[%emt 00:00:26]} Qb1 {[%clk
00:07:39]} {[%emt 00:00:48]} 37. Ra8 {[%clk 00:00:46]} {[%emt 00:00:24]} Qb5
{[%clk 00:05:37]} {[%emt 00:02:30]} 38. Rxe8 {[%clk 00:00:37]} {[%emt
00:00:39]} Qxe8 {[%clk 00:05:58]} {[%emt 00:00:09]} 39. Qa4 {[%clk 00:00:35]}
{[%emt 00:00:33]} Qe7 {[%clk 00:04:35]} {[%emt 00:01:52]} 40. Qa7 {[%clk
00:00:32]} {[%emt 00:00:35]} f6 {[%clk 00:03:41]} {[%emt 00:01:24]} 41. Qb8
{[%clk 00:00:35]} {[%emt 00:00:27]} Kf7 {[%clk 00:02:39]} {[%emt 00:01:31]} 42.
Ra7 {[%clk 00:00:46]} {[%emt 00:00:18]} Bd7 {[%clk 00:03:02]} {[%emt 00:00:08]}
43. Bf4 {[%clk 00:00:41]} {[%emt 00:00:34]} g5 {[%clk 00:02:35]} {[%emt
00:00:57]} 44. Bxd6 {[%clk 00:00:47]} {[%emt 00:00:24]} 1-0

[Event "XLIV Memoriał Szachowy Ludwika Zamenhofa 2025, Grupa B"]
[Site "Bialystok, Poland"]
[Date "2025.12.31"]
[Round "9.22"]
[White "Ocytko, Andrzej"]
[Black "Lewczuk, Jakub"]
[Result "1-0"]
[TimeControl "90'+30\""]
[WhiteElo "1995"]
[BlackElo "1805"]

1. d4 {[%clk 01:30:51]} {[%emt 00:00:09]} d5 {[%clk 01:30:47]} {[%emt
00:00:13]} 2. Nf3 {[%clk 01:31:13]} {[%emt 00:00:08]} Nf6 {[%clk 01:31:09]}
{[%emt 00:00:08]} 3. Bf4 {[%clk 01:31:36]} {[%emt 00:00:08]} c6 {[%clk
01:31:02]} {[%emt 00:00:37]} 4. e3 {[%clk 01:31:53]} {[%emt 00:00:12]} Bg4
{[%clk 01:31:14]} {[%emt 00:00:17]} 5. Nbd2 {[%clk 01:27:51]} {[%emt 00:04:33]}
Qb6 {[%clk 01:29:23]} {[%emt 00:02:21]} 6. Nb3 {[%clk 01:26:07]} {[%emt
00:02:14]} e6 {[%clk 01:29:24]} {[%emt 00:00:29]} 7. Be2 {[%clk 01:25:43]}
{[%emt 00:00:54]} Bb4+ {[%clk 01:27:27]} {[%emt 00:02:27]} 8. c3 {[%clk
01:26:01]} {[%emt 00:00:12]} Be7 {[%clk 01:27:51]} {[%emt 00:00:05]} 9. h3
{[%clk 01:26:24]} {[%emt 00:00:07]} Bxf3 {[%clk 01:27:57]} {[%emt 00:00:24]} 10.
Bxf3 {[%clk 01:26:43]} {[%emt 00:00:12]} Nbd7 {[%clk 01:27:47]} {[%emt
00:00:39]} 11. O-O {[%clk 01:22:16]} {[%emt 00:04:57]} O-O {[%clk 01:27:35]}
{[%emt 00:00:42]} 12. Qe2 {[%clk 01:10:20]} {[%emt 00:12:25]} a5 {[%clk
01:26:37]} {[%emt 00:01:29]} 13. Rab1 {[%clk 01:10:41]} {[%emt 00:00:08]} a4
{[%clk 01:25:31]} {[%emt 00:01:37]} 14. Nd2 {[%clk 01:11:04]} {[%emt 00:00:05]}
c5 {[%clk 01:25:31]} {[%emt 00:00:33]} 15. Rfd1 {[%clk 01:09:42]} {[%emt
00:01:52]} cxd4 {[%clk 01:23:34]} {[%emt 00:02:26]} 16. exd4 {[%clk 01:09:55]}
{[%emt 00:00:17]} Rfc8 {[%clk 01:22:27]} {[%emt 00:01:37]} 17. a3 {[%clk
01:09:41]} {[%emt 00:00:44]} Ra5 {[%clk 01:12:45]} {[%emt 00:10:09]} 18. Nf1
{[%clk 01:01:54]} {[%emt 00:08:20]} Qa7 {[%clk 01:08:14]} {[%emt 00:04:59]} 19.
Re1 {[%clk 00:58:15]} {[%emt 00:04:11]} Nb6 {[%clk 01:06:52]} {[%emt 00:01:53]}
20. Rbd1 {[%clk 00:53:19]} {[%emt 00:05:25]} Nc4 {[%clk 01:03:19]} {[%emt
00:04:04]} 21. Ne3 {[%clk 00:49:39]} {[%emt 00:04:10]} Nxe3 {[%clk 01:00:01]}
{[%emt 00:03:47]} 22. Bxe3 {[%clk 00:46:20]} {[%emt 00:03:50]} Bf8 {[%clk
00:56:04]} {[%emt 00:04:27]} 23. Qd3 {[%clk 00:44:02]} {[%emt 00:02:46]} Nd7
{[%clk 00:55:00]} {[%emt 00:01:35]} 24. Be2 {[%clk 00:44:03]} {[%emt 00:00:23]}
Nb6 {[%clk 00:53:53]} {[%emt 00:01:42]} 25. Bc1 {[%clk 00:44:26]} {[%emt
00:00:08]} Nc4 {[%clk 00:53:27]} {[%emt 00:00:56]} 26. Qg3 {[%clk 00:44:02]}
{[%emt 00:00:54]} Nd6 {[%clk 00:52:06]} {[%emt 00:01:39]} 27. Bd3 {[%clk
00:44:14]} {[%emt 00:00:30]} g6 {[%clk 00:42:41]} {[%emt 00:09:56]} 28. h4
{[%clk 00:43:47]} {[%emt 00:00:56]} Nf5 {[%clk 00:40:52]} {[%emt 00:02:19]} 29.
Qh3 {[%clk 00:41:02]} {[%emt 00:03:13]} Ng7 {[%clk 00:34:45]} {[%emt 00:06:39]}
30. h5 {[%clk 00:32:03]} {[%emt 00:09:30]} Nxh5 {[%clk 00:30:53]} {[%emt
00:04:21]} 31. g4 {[%clk 00:32:27]} {[%emt 00:00:06]} Nf6 {[%clk 00:28:49]}
{[%emt 00:02:34]} 32. Qh4 {[%clk 00:25:26]} {[%emt 00:07:31]} Ne8 {[%clk
00:24:08]} {[%emt 00:05:09]} 33. Kg2 {[%clk 00:25:33]} {[%emt 00:00:25]} Bg7
{[%clk 00:23:13]} {[%emt 00:01:26]} 34. Rh1 {[%clk 00:24:51]} {[%emt 00:01:13]}
Kf8 {[%clk 00:22:20]} {[%emt 00:01:20]} 35. Qxh7 {[%clk 00:24:44]} {[%emt
00:00:38]} Nf6 {[%clk 00:21:28]} {[%emt 00:01:22]} 36. Qh4 {[%clk 00:24:56]}
{[%emt 00:00:18]} Ke7 {[%clk 00:21:24]} {[%emt 00:00:34]} 37. Qg3 {[%clk
00:21:33]} {[%emt 00:03:53]} Qb6 {[%clk 00:18:37]} {[%emt 00:03:18]} 38. Rhe1
{[%clk 00:18:41]} {[%emt 00:03:22]} Raa8 {[%clk 00:18:31]} {[%emt 00:00:36]} 39.
Re2 {[%clk 00:18:58]} {[%emt 00:00:14]} Qc6 {[%clk 00:18:45]} {[%emt 00:00:16]}
40. Bg5 {[%clk 00:18:42]} {[%emt 00:00:45]} Kd7 {[%clk 00:18:07]} {[%emt
00:01:08]} 41. Qf4 {[%clk 00:18:06]} {[%emt 00:01:06]} Qd6 {[%clk 00:16:30]}
{[%emt 00:02:07]} 42. Re5 {[%clk 00:15:17]} {[%emt 00:03:18]} Qe7 {[%clk
00:14:38]} {[%emt 00:02:23]} 43. Bb5+ {[%clk 00:15:21]} {[%emt 00:00:27]} Kd6
{[%clk 00:13:25]} {[%emt 00:01:42]} 44. Rxd5+ {[%clk 00:13:52]} {[%emt
00:01:59]} 1-0

[Event "XLIV Memoriał Szachowy Ludwika Zamenhofa 2025, Grupa B"]
[Site "Bialystok, Poland"]
[Date "2025.12.31"]
[Round "9.23"]
[White "Fudala, Dominik"]
[Black "Ryszkiewicz, Adam"]
[Result "1/2-1/2"]
[TimeControl "90'+30\""]
[WhiteElo "1877"]
[BlackElo "1985"]

1. e4 {[%clk 01:28:10]} {[%emt 00:02:49]} e5 {[%clk 01:30:55]} {[%emt
00:00:05]} 2. Nf3 {[%clk 01:28:33]} {[%emt 00:00:06]} Nf6 {[%clk 01:31:22]}
{[%emt 00:00:04]} 3. Nxe5 {[%clk 01:28:53]} {[%emt 00:00:09]} d6 {[%clk
01:31:49]} {[%emt 00:00:04]} 4. Nf3 {[%clk 01:29:12]} {[%emt 00:00:11]} Nxe4
{[%clk 01:32:14]} {[%emt 00:00:05]} 5. Nc3 {[%clk 01:29:36]} {[%emt 00:00:06]}
Nxc3 {[%clk 01:32:39]} {[%emt 00:00:05]} 6. dxc3 {[%clk 01:30:00]} {[%emt
00:00:05]} Be6 {[%clk 01:33:00]} {[%emt 00:00:09]} 7. Nd4 {[%clk 01:29:41]}
{[%emt 00:00:49]} Nc6 {[%clk 01:31:59]} {[%emt 00:01:32]} 8. Nxc6 {[%clk
01:28:41]} {[%emt 00:01:31]} bxc6 {[%clk 01:32:25]} {[%emt 00:00:04]} 9. Qd4
{[%clk 01:28:57]} {[%emt 00:00:14]} Qd7 {[%clk 01:26:28]} {[%emt 00:06:27]} 10.
c4 {[%clk 01:22:48]} {[%emt 00:06:39]} c5 {[%clk 01:25:16]} {[%emt 00:01:42]}
1/2-1/2